Neviem, či by niekto povedal nie V Klube Košického večera sme hostili trénera hokejistov Košíc a reprezentačného asistenta Jána Selveka

Bibliographic Details
Main Author: Karolyi, Dušan (Author)
Format: Article
Language:Slovak
Subjects:

MARC

LEADER 00000nab a2200000 a 4500
001 vtls000893307
003 SK-MaSNL
005 20260302175508.0
008 040720e19950505xo 0 slo
035 |a KE2342 
040 |a KEVKJB  |b slo  |c KEVKJB  |e AACR2 
041 0 |a slo 
044 |a xo  |c SK 
080 |a 796.966  |2 1981 
080 |a 929  |2 1981 
100 1 |a Karolyi, Dušan  |4 aut  |9 873222 
245 1 0 |a Neviem, či by niekto povedal nie  |b V Klube Košického večera sme hostili trénera hokejistov Košíc a reprezentačného asistenta Jána Selveka 
590 |a Selvek, Ján 1931-,  |b hokejový tréner 
600 1 7 |a Selvek, Ján,  |d 1941-,  |2 KEVKJB  |9 855935 
650 0 7 |a ľadový hokej  |2 KEVKJB  |9 3231 
650 0 7 |a rozhovory profilové  |2 KEVKJB  |9 873258 
651 7 |a KE,  |2 KEVKJB  |9 877256 
651 7 |a KE,  |2 KEVKJB  |9 877256 
655 7 |a periodikum  |2 snkbucl  |9 29553 
773 0 8 |t Košický večer  |g Roč. 6  |g Roč. 28, č.86, 5.5.1995, s. 15 
852 |a ZVYKNI  |b KIS3GCP 
999 |c 1407273  |d 1409203